Statistics for Astronomy by Picture

Click here to take the quiz!

General Stats

  • This quiz has been taken 358 times
  • The average score is 14 of 19

Answer Stats

Answer% Correct
Saturn
99%
Mars
96%
Pluto
96%
Jupiter
95%
Sun
95%
Neptune
92%
Milky Way
90%
Andromeda
80%
Hubble
79%
Galileo Galilei
78%
Halley
74%
International Space Station
68%
Apollo 11
64%
Titan
58%
Orion
57%
Ceres
49%
Polaris
41%
Sirius
36%
Crux
23%

Score Distribution

Percentile by Number Answered

Percent of People with Each Score

Your Score History

You have not taken this quiz